MAUSAM (Record no. 18365)

MARC details
000 -LEADER
fixed length control field 00549nam a2200157Ia 4500
022 ## - INTERNATIONAL STANDARD SERIAL NUMBER
ISSN 0252-9416
245 #0 - TITLE STATEMENT
Title MAUSAM
247 ## - FORMER TITLE
Title Indian Journal of Meteorological and geophysics and Indian Journal of meteorology hydrology and geophysics
260 ## - PUBLICATION, DISTRIBUTION, ETC. (IMPRINT)
Name of publisher Materological Department, Government of India, New Delhi
Place of publication India
310 ## - CURRENT PUBLICATION FREQUENCY
Current publication frequency Q
500 ## - GENERAL NOTE
General note Ending Volume & Year: 51,
500 ## - GENERAL NOTE
General note Missing Volume: 2000;33;35(3);36-43;44(2-3)
500 ## - GENERAL NOTE
General note Starting Volume & Year: 32, 1981
942 ## - ADDED ENTRY ELEMENTS (KOHA)
Koha item type Bound Journal
Holdings
Withdrawn status Lost status Damaged status Not for loan Home library Current library Date acquired Accession Number Koha item type
      Bound journals RRII Library RRII Library 31/12/2021 20320J Bound Journal